Alle Gemeinden im Kreis Herford - Statistiken

Allgemein
  • Dieses Quiz wurde 64 mal gespielt
  • Das Durchschnittsergebnis liegt bei 7 aus 9
Antworten auf der Karte
Die Antworten werden auf der Karte rot bzw. grün angezeigt, abhängig davon wie oft sie richtig erraten wurden.
 
Antwortstatistiken
Einwohnerzahl Gemeinde / Stadt % Korrekt
66.638 Herford
93%
16.023 Kirchlengern
81%
45.187 Bünde
78%
20.490 Enger
78%
19.705 Hiddenhausen
78%
39.915 Löhne
70%
9.758 Rödinghausen
70%
14.482 Spenge
67%
18.380 Vlotho
67%
Keine übereinstimmenden Quizze gefunden
Verteilung der Resultate
Anzahl Personen mit jedem Resultat
Perzentil nach korrekt beantworteten Fragen
Ihre Resultats-Entwicklung
Sie haben dieses Quiz noch nicht gespielt